[Event "Memorial Romana Baka OPEN FIDE"]
[Site "Starochorzowski Dom Kultury, C"]
[Date "2014.09.27"]
[Round "2.9"]
[White "Nowak, Adam"]
[Black "Pultorak, Jan"]
[Result "0-1"]
[WhiteElo "1458"]
[BlackElo "1929"]
[PlyCount "48"]
[EventDate "2014.??.??"]

1. c4 Nf6 2. Nc3 e5 3. Nf3 Nc6 4. a3 a5 5. d4 exd4 6. Nxd4 Bc5 7. Nc2 O-O 8.
Ne3 Ne5 9. g3 Bxe3 10. Bxe3 Nxc4 11. Bd4 b6 12. Bg2 Rb8 13. Nd5 Nxd5 14. Bxd5
Nd6 15. b4 Bb7 16. Bb2 Qe7 17. Ra2 axb4 18. Bxb7 Nxb7 19. Qd4 f6 20. axb4 Qe6
21. Ra7 c5 22. bxc5 bxc5 23. Qe3 Nd6 24. Qd3 Rxb2 0-1

[Event "Memorial Romana Baka OPEN FIDE"]
[Site "Starochorzowski Dom Kultury, C"]
[Date "2014.09.27"]
[Round "2.10"]
[White "Szczecina, Kamil"]
[Black "Matysek, Pawel"]
[Result "1-0"]
[WhiteElo "1889"]
[BlackElo "1464"]
[PlyCount "51"]
[EventDate "2014.??.??"]

1. e4 e5 2. Nf3 Nc6 3. d4 exd4 4. Bc4 Nf6 5. e5 d5 6. Bb5 Ne4 7. Nxd4 Bc5 8.
Bxc6+ bxc6 9. O-O Bd7 10. f3 Ng5 11. f4 Ne4 12. Be3 O-O 13. Nd2 f6 14. Nxe4
dxe4 15. c3 Bb6 16. Qb3+ Kh8 17. e6 Bxd4 18. Bxd4 Bc8 19. Bc5 Re8 20. Rfd1 Bxe6
21. Rxd8 Bxb3 22. Rxa8 Rxa8 23. axb3 f5 24. Rxa7 Re8 25. Rxc7 e3 26. Bxe3 1-0

[Event "Memorial Romana Baka OPEN FIDE"]
[Site "Starochorzowski Dom Kultury, C"]
[Date "2014.09.27"]
[Round "2.12"]
[White "Sroka, Janusz"]
[Black "Mandla, Maciej"]
[Result "1-0"]
[WhiteElo "2069"]
[BlackElo "1635"]
[PlyCount "71"]
[EventDate "2014.??.??"]

1. e4 c5 2. Nc3 Nc6 3. f4 d6 4. Nf3 e6 5. Bb5 Bd7 6. O-O Qb6 7. d3 Be7 8. Qe1
Nf6 9. Bxc6 Bxc6 10. e5 Ng4 11. Qg3 c4+ 12. Kh1 h5 13. d4 O-O-O 14. a4 Nh6 15.
a5 Qc7 16. Be3 Nf5 17. Qf2 d5 18. Bd2 h4 19. Kg1 Qd7 20. Nd1 Rdg8 21. Ne3 Nh6
22. Rfb1 f5 23. b3 cxb3 24. Rxb3 Ng4 25. Qe2 g5 26. Nxg4 fxg4 27. Nxg5 g3 28.
hxg3 Bxg5 29. fxg5 hxg3 30. Rxg3 Qh7 31. Rh3 Qxc2 32. Rc1 Qa4 33. Qg4 Kd7 34.
Rxh8 Rxh8 35. g6 Qa3 36. Rf1 1-0

[Event "Memorial Romana Baka OPEN FIDE"]
[Site "Starochorzowski Dom Kultury, C"]
[Date "2014.09.27"]
[Round "2.13"]
[White "Widera, Jan"]
[Black "Kubicka, Anna"]
[Result "0-1"]
[WhiteElo "1906"]
[BlackElo "1734"]
[PlyCount "76"]
[EventDate "2014.??.??"]

1. c4 c6 2. e4 d5 3. cxd5 cxd5 4. exd5 Nf6 5. Nc3 Nxd5 6. d4 Nc6 7. Nf3 g6 8.
Qb3 e6 9. Bb5 Bg7 10. Ne5 Bd7 11. Bxc6 Bxc6 12. Nxc6 bxc6 13. Qc4 O-O 14. O-O
Qh4 15. Qxc6 Rac8 16. Qa6 Nxc3 17. bxc3 Rxc3 18. Be3 Bxd4 19. Bxd4 Qxd4 20.
Rfd1 Qc5 21. a4 Rc2 22. Qf1 Rb8 23. Rdc1 Rbb2 24. Rxc2 Rxc2 25. a5 e5 26. a6 e4
27. Qe1 f5 28. Qe3 Qxe3 29. fxe3 Rc6 30. h4 h6 31. Kh2 Kf7 32. Ra5 Kf6 33. Kg3
g5 34. hxg5+ hxg5 35. Ra3 Kg6 36. Kh3 Rd6 37. g4 f4 38. exf4 Rd3+ 0-1

[Event "Memorial Romana Baka OPEN FIDE"]
[Site "Starochorzowski Dom Kultury, C"]
[Date "2014.09.27"]
[Round "2.14"]
[White "Marek, Eugeniusz"]
[Black "Cieraszewski, Piotr"]
[Result "1-0"]
[WhiteElo "1761"]
[BlackElo "1838"]
[PlyCount "83"]
[EventDate "2014.??.??"]

1. c4 c5 2. Nc3 Nc6 3. g3 g6 4. Bg2 Bg7 5. d3 d6 6. Nf3 Nf6 7. O-O O-O 8. h3 h6
9. e4 e5 10. Be3 Kh7 11. a3 Be6 12. Rb1 Qd7 13. Kh2 Nh5 14. b4 cxb4 15. axb4 f5
16. b5 Ne7 17. exf5 Nxf5 18. Ne4 Nxe3 19. fxe3 Nf6 20. Nfd2 Qc7 21. Nxf6+ Rxf6
22. Rxf6 Bxf6 23. Qf3 Rf8 24. Qxb7 Qxb7 25. Bxb7 Bg5 26. Rf1 Rb8 27. Bc6 Bxe3
28. Ne4 Rd8 29. Rf6 d5 30. Rxe6 dxe4 31. Bxe4 Rf8 32. Rxe5 Rf2+ 33. Bg2 Bc5 34.
Rd5 Be3 35. c5 Rc2 36. c6 Rc1 37. h4 g5 38. Kh3 Rc2 39. h5 g4+ 40. Kxg4 Rxg2
41. Rd7+ Kg8 42. c7 1-0

[Event "Memorial Romana Baka OPEN FIDE"]
[Site "Starochorzowski Dom Kultury, C"]
[Date "2014.09.27"]
[Round "2.15"]
[White "Wirtek, Jerzy"]
[Black "Strzemiecki, Zbigniew"]
[Result "0-1"]
[WhiteElo "1706"]
[BlackElo "2379"]
[PlyCount "74"]
[EventDate "2014.??.??"]

1. d4 e6 2. c4 f5 3. g3 Nf6 4. Bg2 Bb4+ 5. Bd2 Qe7 6. Nc3 O-O 7. Nh3 Nc6 8. e3
e5 9. dxe5 Nxe5 10. O-O Kh8 11. Nd5 Nxd5 12. cxd5 c6 13. Nf4 a5 14. Bc3 Bxc3
15. bxc3 d6 16. dxc6 bxc6 17. Qd4 Ba6 18. Rfd1 d5 19. Rab1 Rfb8 20. Rb6 Rxb6
21. Qxb6 Bc4 22. Rb1 Kg8 23. a4 g5 24. Nh3 h6 25. f3 Kg7 26. e4 g4 27. Nf4 gxf3
28. Bh3 fxe4 29. Qb7 Re8 30. Ne6+ Kf6 31. Qb6 Qd6 32. Qe3 Rxe6 33. Qf4+ Kg7 34.
Bxe6 Qxe6 35. Rb7+ Nf7 36. g4 e3 37. Qxf3 e2 0-1

[Event "Memorial Romana Baka OPEN FIDE"]
[Site "Starochorzowski Dom Kultury, C"]
[Date "2014.09.27"]
[Round "2.16"]
[White "Nowakowski, Jan"]
[Black "Morkisz, Bogdan"]
[Result "0-1"]
[WhiteElo "1692"]
[BlackElo "2123"]
[PlyCount "54"]
[EventDate "2014.??.??"]

1. e4 e6 2. d4 d5 3. e5 c5 4. c3 Nc6 5. a3 Bd7 6. b4 cxd4 7. cxd4 f6 8. f4 fxe5
9. fxe5 Qh4+ 10. g3 Qe4+ 11. Kf2 Nxd4 12. Bg2 Qxe5 13. Bb2 Qf5+ 14. Bf3 Nxf3
15. Nxf3 Nf6 16. Kg2 Rc8 17. Nc3 Bd6 18. Re1 O-O 19. Nd4 Qg4 20. Qxg4 Nxg4 21.
Re2 e5 22. Nb3 d4 23. Ne4 Bc6 24. Nbd2 Bc7 25. h3 d3 26. Ree1 Rf2+ 27. Kg1 Rxd2
0-1

[Event "Memorial Romana Baka OPEN FIDE"]
[Site "Starochorzowski Dom Kultury, C"]
[Date "2014.09.27"]
[Round "2.17"]
[White "Klementys, Jerzy"]
[Black "Liszek, Krzysztof"]
[Result "1-0"]
[WhiteElo "1675"]
[BlackElo "1905"]
[PlyCount "45"]
[EventDate "2014.??.??"]

1. d4 d5 2. c4 c6 3. Nf3 Nf6 4. Nc3 e6 5. Bg5 dxc4 6. a4 Bb4 7. Bxf6 Qxf6 8. e3
b5 9. Qc2 Nd7 10. Qe4 Bb7 11. axb5 Qg6 12. Qxg6 hxg6 13. Bxc4 cxb5 14. Bxb5 a6
15. Be2 Nb6 16. O-O Ke7 17. Ne5 Rhc8 18. Rfc1 a5 19. Bb5 Rc7 20. Na4 Rxc1+ 21.
Rxc1 Rc8 22. Nc6+ Bxc6 23. Nxb6 1-0

[Event "Memorial Romana Baka OPEN FIDE"]
[Site "Starochorzowski Dom Kultury, C"]
[Date "2014.09.27"]
[Round "2.18"]
[White "Jopek, Krzysztof"]
[Black "Pasieka, Marcin"]
[Result "0-1"]
[WhiteElo "1865"]
[BlackElo "1626"]
[PlyCount "58"]
[EventDate "2014.??.??"]

1. d4 Nf6 2. c4 e6 3. Nf3 b6 4. g3 Bb7 5. Bg2 Be7 6. Nc3 Ne4 7. Qc2 Nxc3 8.
Qxc3 O-O 9. O-O f5 10. Qb3 Bf6 11. Rd1 d6 12. Bd2 Nc6 13. Bc3 Ne7 14. Rd2 g5
15. Nxg5 Bxg5 16. Bxb7 Bxd2 17. Bxa8 Bxc3 18. Qxc3 Qxa8 19. f3 Qe8 20. b4 Qa4
21. b5 a6 22. Qe3 Kf7 23. bxa6 Qxa6 24. Qh6 Rh8 25. g4 Qxc4 26. Rc1 Qxd4+ 27.
Kg2 c5 28. h4 fxg4 29. Qh5+ Ng6 0-1

[Event "Memorial Romana Baka OPEN FIDE"]
[Site "Starochorzowski Dom Kultury, C"]
[Date "2014.09.27"]
[Round "2.19"]
[White "Lendla, Janusz"]
[Black "Galyga, Jozef"]
[Result "0-1"]
[WhiteElo "1637"]
[BlackElo "1860"]
[PlyCount "94"]
[EventDate "2014.??.??"]

1. d4 Nf6 2. c4 e6 3. Nf3 b6 4. Nc3 Bb7 5. Bg5 Bb4 6. a3 Bxc3+ 7. bxc3 Nc6 8.
e3 Ne7 9. Bd3 Ne4 10. Bh4 f5 11. Bxe4 Bxe4 12. O-O Bxf3 13. Qxf3 O-O 14. Rab1
Qe8 15. Bg3 d6 16. Qe2 Qc6 17. f3 Ng6 18. h4 Rae8 19. h5 Nh8 20. f4 Nf7 21. Qd3
Nh6 22. Rfe1 d5 23. cxd5 exd5 24. Rb4 a5 25. Rb5 Ng4 26. a4 Re4 27. Bf2 Rfe8
28. Qb1 Qh6 29. Rxd5 Qxh5 30. Bg3 Nxe3 31. Re5 Qg6 32. Qa2+ Kh8 33. Rxe8+ Qxe8
34. Qd2 h6 35. Bf2 Ng4 36. d5 Rxe1+ 37. Bxe1 Qe3+ 38. Kh1 Qxd2 39. Bxd2 Nf2+
40. Kg1 Ne4 41. Be1 Nc5 42. Bf2 Nxa4 43. c4 Nc3 44. Bxb6 cxb6 45. d6 Ne2+ 46.
Kf2 Nxf4 47. d7 Ne6 0-1

[Event "Memorial Romana Baka OPEN FIDE"]
[Site "Starochorzowski Dom Kultury, C"]
[Date "2014.09.27"]
[Round "2.20"]
[White "Gredka, Dominika"]
[Black "Rosicki, Marcin"]
[Result "0-1"]
[WhiteElo "1469"]
[BlackElo "1794"]
[PlyCount "148"]
[EventDate "2014.??.??"]

1. e4 e5 2. Nf3 Nc6 3. Bb5 a6 4. Ba4 Nf6 5. O-O b5 6. Bb3 Bb7 7. Re1 Be7 8. c3
O-O 9. d4 d6 10. Bc2 h6 11. Nbd2 Re8 12. Nf1 Bf8 13. Ng3 Na5 14. b3 c5 15. d5
Bc8 16. h3 Nb7 17. Be3 a5 18. a3 Bd7 19. Qd2 Qe7 20. Nh2 g5 21. Bd1 b4 22. axb4
axb4 23. Rxa8 Rxa8 24. cxb4 Rc8 25. Be2 Qd8 26. f3 cxb4 27. Qxb4 Nc5 28. Bc4
Rb8 29. Qc3 Qc7 30. Rc1 Ne8 31. Ng4 Nb7 32. Nh5 Bg7 33. Nxg7 Kxg7 34. f4 gxf4
35. Bxf4 Bxg4 36. hxg4 Nf6 37. Bd2 Nxe4 38. Qe3 Qc5 39. Qxc5 Nbxc5 40. b4 Nd7
41. Be1 Rc8 42. Rc2 Nef6 43. Bb3 Rxc2 44. Bxc2 Nxd5 45. Ba4 N7b6 46. Bc6 Kf6
47. Kf2 Ne7 48. Bb7 d5 49. Bd2 d4 50. Be4 Ned5 51. Bxh6 Nxb4 52. g5+ Ke6 53. g4
Nd7 54. Bf5+ Ke7 55. g6 fxg6 56. Bxg6 Nf6 57. g5 Ng8 58. Bg7 Ke6 59. Bh7 Ne7
60. g6 Nd3+ 61. Kf3 Nf4 62. Bh6 Nfxg6 63. Ke4 Nh8 64. Bf8 Nf7 65. Bxe7 Kxe7 66.
Bg6 Kf6 67. Bh5 Ng5+ 68. Kd3 Kf5 69. Bd1 Kf4 70. Ba4 Kf5 71. Bd7+ Kf6 72. Bg4
Ke7 73. Bc8 Kd6 74. Bb7 Kc5 0-1

[Event "Memorial Romana Baka OPEN FIDE"]
[Site "Starochorzowski Dom Kultury, C"]
[Date "2014.09.27"]
[Round "2.21"]
[White "Krol, Rafal"]
[Black "Polasinski, Zbigniew"]
[Result "1-0"]
[WhiteElo "1785"]
[BlackElo "1275"]
[PlyCount "60"]
[EventDate "2014.??.??"]

1. Nf3 c6 2. g3 Na6 3. Bg2 h6 4. d4 e6 5. O-O Be7 6. e4 d6 7. c4 Qd7 8. Nc3 Bd8
9. Qe2 Bc7 10. Rd1 Bb8 11. e5 d5 12. c5 Nc7 13. Nh4 b6 14. cxb6 axb6 15. f4 Ba6
16. Qf3 Ba7 17. f5 O-O-O 18. fxe6 Nxe6 19. Nf5 Bb8 20. Na4 Kb7 21. Qb3 Bb5 22.
Bf1 Bxa4 23. Qxa4 b5 24. Qc2 g6 25. Ne3 Ne7 26. a4 Ba7 27. axb5 Nxd4 28. Rxa7+
Kxa7 29. Rxd4 Kb7 30. Qc5 Rb8 1-0

[Event "Memorial Romana Baka OPEN FIDE"]
[Site "Starochorzowski Dom Kultury, C"]
[Date "2014.09.28"]
[Round "3.1"]
[White "Janiszewski, Maciej"]
[Black "Krzyzanowski, Marcin"]
[Result "0-1"]
[WhiteElo "1981"]
[BlackElo "2347"]
[PlyCount "84"]
[EventDate "2014.??.??"]

1. d4 Nf6 2. Nc3 d5 3. Bg5 c6 4. Bxf6 exf6 5. e3 f5 6. Bd3 Bd6 7. Qf3 g6 8.
Nge2 Nd7 9. g4 fxg4 10. Qxg4 Ne5 11. Qg2 Nxd3+ 12. cxd3 Be6 13. e4 Qd7 14. h4
O-O-O 15. O-O-O h5 16. Kb1 Rhe8 17. Rc1 Kb8 18. Rc2 dxe4 19. dxe4 Bc4 20. e5
Bb4 21. Rh3 Bxc3 22. bxc3 Be6 23. Rf3 Bf5 24. Rxf5 gxf5 25. Qf3 c5 26. Rb2 Ka8
27. a4 f6 28. exf6 Re6 29. d5 Rxf6 30. Nf4 Qxa4 31. d6 Qe4+ 32. Qxe4 fxe4 33.
Nxh5 Rfxd6 34. Ng3 Rd1+ 35. Ka2 c4 36. Nxe4 Rh1 37. Rb4 Rxh4 38. f3 Rc8 39. Nd6
Rc6 40. Nxb7 Rh2+ 41. Ka1 Ra6+ 42. Kb1 Rg6 0-1

[Event "Memorial Romana Baka OPEN FIDE"]
[Site "Starochorzowski Dom Kultury, C"]
[Date "2014.09.28"]
[Round "3.2"]
[White "Kaczmarek, Aleksander"]
[Black "Zylka, Stanislaw"]
[Result "1-0"]
[WhiteElo "2289"]
[BlackElo "1934"]
[PlyCount "63"]
[EventDate "2014.??.??"]

1. e4 c5 2. Nf3 Nc6 3. d4 cxd4 4. Nxd4 Nf6 5. Nc3 d6 6. Bg5 e6 7. Qd2 a6 8.
Nxc6 bxc6 9. O-O-O Qc7 10. f4 Be7 11. Bc4 h6 12. Bxf6 gxf6 13. Rhe1 Rb8 14. f5
e5 15. Re3 h5 16. Qe2 Bf8 17. Rh3 h4 18. Kb1 a5 19. Bb3 Rb4 20. Qe1 Qa7 21. a3
Rd4 22. Rxd4 Qxd4 23. g4 Ba6 24. Rxh4 Rg8 25. h3 Bb7 26. Rh7 d5 27. Qh1 Bxa3
28. exd5 cxd5 29. Bxd5 Qb6 30. Na4 Bxd5 31. Qxd5 Qa7 32. bxa3 1-0

[Event "Memorial Romana Baka OPEN FIDE"]
[Site "Starochorzowski Dom Kultury, C"]
[Date "2014.09.28"]
[Round "3.3"]
[White "Pultorak, Jan"]
[Black "Piesik, Piotr"]
[Result "1/2-1/2"]
[WhiteElo "1929"]
[BlackElo "2231"]
[PlyCount "99"]
[EventDate "2014.??.??"]

1. d4 c5 2. dxc5 e6 3. e4 Bxc5 4. Bd3 Nc6 5. Nf3 Nf6 6. O-O Qc7 7. Qe2 Ng4 8.
c3 a5 9. h3 h5 10. Qd2 Qg3 11. hxg4 hxg4 12. Qf4 Qxf4 13. Bxf4 gxf3 14. gxf3 e5
15. Be3 d6 16. Nd2 Rh5 17. Rfe1 Bh3 18. Bf1 Be6 19. Bc4 Bh3 20. Bf1 Bd7 21. Bb5
Ne7 22. Bxd7+ Kxd7 23. Kg2 Ng6 24. Rh1 Nh4+ 25. Kf1 Kc6 26. Ke2 Rah8 27. Rad1
b5 28. c4 b4 29. Nb3 Bxe3 30. fxe3 a4 31. Na5+ Kc7 32. c5 dxc5 33. Rd5 Ng6 34.
Rxh5 Rxh5 35. Rxc5+ Kd7 36. Nc4 a3 37. bxa3 bxa3 38. Rd5+ Ke6 39. Rd6+ Ke7 40.
Rd2 Rh3 41. Nxa3 Nh4 42. Nc4 Nxf3 43. Rd5 f6 44. a4 Ng5 45. Kd3 Ne6 46. Rb5 g5
47. a5 Rh1 48. Ke2 Ra1 49. Rb7+ Kf8 50. Nd6 1/2-1/2

[Event "Memorial Romana Baka OPEN FIDE"]
[Site "Starochorzowski Dom Kultury, C"]
[Date "2014.09.28"]
[Round "3.4"]
[White "Szczecina, Kamil"]
[Black "Raszka, Janusz"]
[Result "0-1"]
[WhiteElo "1889"]
[BlackElo "2140"]
[PlyCount "74"]
[EventDate "2014.??.??"]

1. Nf3 Nf6 2. g3 d5 3. Bg2 e6 4. O-O Be7 5. d3 O-O 6. Nbd2 c5 7. e4 Nc6 8. Qe2
b5 9. e5 Nd7 10. Re1 a5 11. h4 Ba6 12. Nf1 Rc8 13. Bf4 Qb6 14. Rad1 b4 15. c4
bxc3 16. bxc3 Rb8 17. Rd2 a4 18. N1h2 Rfd8 19. Ng5 Bxg5 20. Bxg5 Re8 21. Ng4
Qa5 22. Nf6+ gxf6 23. Bxf6 Nxf6 24. exf6 Kh8 25. Bxd5 Bb7 26. Be4 c4 27. d4 Na7
28. Bxh7 Qd5 29. Be4 Qxe4 30. Qxe4 Bxe4 31. Rxe4 Nb5 32. Re5 Nxc3 33. Rh5+ Kg8
34. Rh6 Nd5 35. Re2 c3 36. Re5 Nxf6 37. Rxf6 c2 0-1

[Event "Memorial Romana Baka OPEN FIDE"]
[Site "Starochorzowski Dom Kultury, C"]
[Date "2014.09.28"]
[Round "3.5"]
[White "Szmyd, Arkadiusz"]
[Black "Sensula, Marek"]
[Result "1-0"]
[WhiteElo "2144"]
[BlackElo "1757"]
[PlyCount "89"]
[EventDate "2014.??.??"]

1. e4 c5 2. Nf3 Nc6 3. d4 cxd4 4. Nxd4 a6 5. c4 g6 6. Nc3 Bg7 7. Nc2 Nf6 8. Be2
O-O 9. O-O d6 10. Be3 Be6 11. Nd4 Rc8 12. Nxe6 fxe6 13. Rc1 Kh8 14. b3 e5 15.
g4 e6 16. g5 Nh5 17. Bxh5 gxh5 18. Qxh5 Qe8 19. Qxe8 Rcxe8 20. Ne2 Nd4 21. Bxd4
exd4 22. f4 d3 23. Ng3 Bd4+ 24. Kg2 Be3 25. Rcd1 d2 26. h4 Bxf4 27. Nh5 e5 28.
Nxf4 exf4 29. Kf3 d5 30. cxd5 Rc8 31. Rxd2 Rc3+ 32. Kg4 Rg3+ 33. Kh5 Kg7 34. d6
f3 35. d7 Rd8 36. Rd3 b5 37. e5 h6 38. Rdxf3 Rxf3 39. Rxf3 Rxd7 40. e6 Re7 41.
gxh6+ Kg8 42. Rf6 a5 43. Kg6 a4 44. h7+ Rxh7 45. Rf8+ 1-0

[Event "Memorial Romana Baka OPEN FIDE"]
[Site "Starochorzowski Dom Kultury, C"]
[Date "2014.09.28"]
[Round "3.6"]
[White "Faron, Rafal"]
[Black "Marek, Eugeniusz"]
[Result "1-0"]
[WhiteElo "2034"]
[BlackElo "1761"]
[PlyCount "65"]
[EventDate "2014.??.??"]

1. d4 Nf6 2. c4 g6 3. Nc3 Bg7 4. e4 d6 5. Nf3 O-O 6. Be2 c6 7. O-O Na6 8. h3
Nc7 9. Bg5 Ne6 10. Be3 h6 11. Rc1 Re8 12. b4 Nf8 13. Qd2 Kh7 14. Rfd1 Qc7 15.
d5 Bd7 16. c5 a6 17. a4 Rab8 18. Bf4 cxd5 19. cxd6 Qb6 20. Be3 Qxb4 21. Rb1 Qa5
22. Bb6 Nxe4 23. Bxa5 Nxd2 24. Rxd2 Rbc8 25. Nxd5 e6 26. Nb6 Rc5 27. Nxd7 Nxd7
28. Rxb7 Rxa5 29. Rxd7 Kg8 30. Rc7 Rxa4 31. d7 Rd8 32. Rc8 Bf6 33. Ne5 1-0

[Event "Memorial Romana Baka OPEN FIDE"]
[Site "Starochorzowski Dom Kultury, C"]
[Date "2014.09.28"]
[Round "3.7"]
[White "Kubicka, Anna"]
[Black "Solek, Zenon"]
[Result "1/2-1/2"]
[WhiteElo "1734"]
[BlackElo "1817"]
[PlyCount "115"]
[EventDate "2014.??.??"]

1. e4 d5 2. exd5 Qxd5 3. Nc3 Qa5 4. d4 c6 5. Bc4 Nf6 6. Nge2 Nbd7 7. O-O e6 8.
Nf4 Nb6 9. Bb3 Bd6 10. Nce2 Nbd5 11. c4 Nxf4 12. Bxf4 Bxf4 13. Nxf4 O-O 14. Bc2
Rd8 15. Qd3 Qg5 16. Ne2 Qh6 17. h3 e5 18. Qc3 exd4 19. Nxd4 Nh5 20. Rfe1 Nf4
21. Re5 Be6 22. Rae1 Qf6 23. Qe3 g6 24. Re4 g5 25. h4 h6 26. hxg5 hxg5 27. Nf3
Bf5 28. Rxf4 gxf4 29. Qxf4 Re8 30. Rxe8+ Rxe8 31. Bxf5 Qxb2 32. Ng5 Re1+ 33.
Kh2 Qe5 34. Nh3 Qxf4+ 35. Nxf4 Ra1 36. Bc8 b6 37. Bd7 Rxa2 38. Bxc6 Rxf2 39.
Nd5 Rc2 40. Bb5 Kg7 41. Kg3 Kg6 42. Kf3 Kg5 43. Ne3 Ra2 44. Ke4 f6 45. Bc6 Rd2
46. g4 Rd8 47. Nd5 Rd6 48. Bb7 Kxg4 49. Kd4 Kg5 50. c5 bxc5+ 51. Kxc5 Rd7 52.
Kc6 Rxb7 53. Kxb7 a5 54. Nc3 f5 55. Kb6 a4 56. Nxa4 f4 57. Nc3 f3 58. Ne4+
1/2-1/2

[Event "Memorial Romana Baka OPEN FIDE"]
[Site "Starochorzowski Dom Kultury, C"]
[Date "2014.09.28"]
[Round "3.8"]
[White "Strzemiecki, Zbigniew"]
[Black "Sroka, Janusz"]
[Result "1/2-1/2"]
[WhiteElo "2379"]
[BlackElo "2069"]
[PlyCount "53"]
[EventDate "2014.??.??"]

1. e4 e5 2. Nf3 d6 3. d4 exd4 4. Nxd4 Nf6 5. Nc3 Be7 6. Bc4 O-O 7. O-O c6 8. a4
a5 9. Bf4 Na6 10. Qd2 Nc5 11. f3 d5 12. exd5 cxd5 13. Bb5 Ne6 14. Be3 Qc7 15.
Rfe1 Rd8 16. Rad1 Bb4 17. Nxe6 fxe6 18. Bd4 Bd6 19. h3 e5 20. Bf2 d4 21. Ne4
Nxe4 22. fxe4 Be6 23. Re2 Bb4 24. Qd3 Rac8 25. b3 Rf8 26. Bg3 Qd6 27. c4
1/2-1/2

[Event "Memorial Romana Baka OPEN FIDE"]
[Site "Starochorzowski Dom Kultury, C"]
[Date "2014.09.28"]
[Round "3.10"]
[White "Zawierucha, Aleksander"]
[Black "Mostowski, Boguslaw"]
[Result "1-0"]
[WhiteElo "1957"]
[BlackElo "1766"]
[PlyCount "85"]
[EventDate "2014.??.??"]

1. d4 Nf6 2. c4 e6 3. Nc3 d5 4. cxd5 exd5 5. Bg5 Be7 6. e3 h6 7. Bh4 O-O 8. Bd3
c6 9. Qc2 Nbd7 10. Nge2 Re8 11. O-O Ne4 12. Bxe7 Qxe7 13. Rae1 Ndf6 14. f3 Nxc3
15. Nxc3 Qd6 16. Qf2 Rd8 17. Kh1 b5 18. Rd1 Be6 19. Bb1 Qc7 20. Rc1 a6 21. Rfd1
Rac8 22. b4 Qd6 23. a3 a5 24. Qb2 Ra8 25. e4 dxe4 26. Bxe4 Bc4 27. Bd3 Bxd3 28.
Rxd3 axb4 29. axb4 Ra7 30. h3 Rda8 31. Kg1 Ra3 32. Nxb5 cxb5 33. Rxa3 Rxa3 34.
Qxa3 Qxd4+ 35. Kh1 Nd5 36. Qa8+ Kh7 37. Qc8 Qf4 38. Rd1 Nxb4 39. Rd8 Qf6 40.
Rh8+ Kg6 41. Qg4+ Qg5 42. Qxb4 Qc1+ 43. Kh2 1-0

[Event "Memorial Romana Baka OPEN FIDE"]
[Site "Starochorzowski Dom Kultury, C"]
[Date "2014.09.28"]
[Round "3.11"]
[White "Rak, Dariusz"]
[Black "Rychlik, Bogdan"]
[Result "1/2-1/2"]
[WhiteElo "1869"]
[BlackElo "1759"]
[PlyCount "120"]
[EventDate "2014.??.??"]

1. d4 d5 2. c4 e6 3. Nc3 Nf6 4. Bg5 Nbd7 5. e3 Be7 6. Nf3 h6 7. Bf4 a6 8. Rc1
O-O 9. cxd5 exd5 10. Bd3 c5 11. dxc5 Nxc5 12. O-O Bg4 13. Be2 Rc8 14. Nd4 Bxe2
15. Qxe2 Nce4 16. Nxe4 dxe4 17. Nf5 Qd7 18. Nxe7+ Qxe7 19. f3 Nd5 20. fxe4 Qxe4
21. Bd6 Rfe8 22. Bc5 Rc6 23. Rc4 Qe6 24. Qd3 Nxe3 25. Re1 Qxc4 26. Qxc4 Nxc4
27. Rxe8+ Kh7 28. Bd4 Nd6 29. Re2 Nb5 30. Be3 Re6 31. Kf2 Nd6 32. Rc2 Nf5 33.
Bf4 g5 34. Bb8 Nd4 35. Rd2 Nc6 36. Bc7 Kg6 37. a3 Ne5 38. Rd4 h5 39. h3 Nc6 40.
Rd5 Ne7 41. Rd7 Nf5 42. Ba5 Nd6 43. Kf3 Nc4 44. Bc3 b5 45. Rd8 f6 46. Rg8+ Kf7
47. Rh8 h4 48. Rh7+ Kg6 49. Rc7 Kf5 50. Rc5+ Kg6 51. Rd5 Rd6 52. Rc5 Rd3+ 53.
Kf2 Rd6 54. Ke2 Re6+ 55. Kf3 Ne3 56. Bd4 Nf5 57. Bf2 Rd6 58. Ke2 Nd4+ 59. Bxd4
Rxd4 60. Rc6 a5 1/2-1/2

[Event "Memorial Romana Baka OPEN FIDE"]
[Site "Starochorzowski Dom Kultury, C"]
[Date "2014.09.28"]
[Round "3.12"]
[White "Galyga, Jozef"]
[Black "Muc, Zbigniew"]
[Result "1/2-1/2"]
[WhiteElo "1860"]
[BlackElo "1721"]
[PlyCount "161"]
[EventDate "2014.??.??"]

1. c4 e5 2. g3 Nf6 3. Bg2 Bc5 4. e3 O-O 5. Ne2 d6 6. O-O Nbd7 7. a3 a5 8. d4
Bb6 9. Nbc3 c6 10. d5 cxd5 11. Nxd5 Nxd5 12. Bxd5 Nf6 13. Nc3 Re8 14. e4 h6 15.
Kg2 Qd7 16. f3 Qh3+ 17. Kh1 Nh5 18. Ne2 g5 19. Bd2 Kg7 20. g4 Nf6 21. Ng3 Rb8
22. Qe2 Kg6 23. Qg2 Qxg2+ 24. Kxg2 Bd7 25. Rh1 Rec8 26. b3 Bd4 27. Ra2 Nxd5 28.
exd5 a4 29. bxa4 Bxa4 30. Bb4 Rxc4 31. Nf5 Bc5 32. Nxd6 Bxd6 33. Bxd6 Rd8 34.
Bxe5 Rxd5 35. Re1 Bc6 36. Rae2 Rd3 37. Re3 Rxe3 38. Rxe3 Rxg4+ 39. Kf2 Ra4 40.
Bd6 Rc4 41. Bb4 Bb5 42. Re5 Rc2+ 43. Kg3 Bf1 44. f4 Rg2+ 45. Kf3 g4+ 46. Ke4
f5+ 47. Kd5 Rxh2 48. Re6+ Kh5 49. Bf8 g3 50. Rxh6+ Kg4 51. Rg6+ Kf3 52. Ke5 Bd3
53. Kd4 Be4 54. Ke5 Rh4 55. Kd4 Rxf4 56. Bd6 Rg4 57. Rxg4 Kxg4 58. Ke3 Bc6 59.
Be5 g2 60. Kf2 f4 61. Bd6 Kf5 62. Bc7 Ke4 63. Bd6 f3 64. Bc7 Kd5 65. Bb6 Kc4
66. Bc7 Kd3 67. Bb6 Ke4 68. Bc7 Bb5 69. Bd6 Be2 70. Bc7 Kd5 71. Bb8 Kc6 72. Be5
Kb5 73. Bf4 Ka4 74. Bd6 Bd1 75. Bc5 Kb5 76. Bd6 Kc6 77. Bb8 b6 78. Bf4 Kd5 79.
Bc7 Kc5 80. Bf4 Kc6 81. Be3 1/2-1/2

[Event "Memorial Romana Baka OPEN FIDE"]
[Site "Starochorzowski Dom Kultury, C"]
[Date "2014.09.28"]
[Round "3.13"]
[White "Kostowski, Andrzej"]
[Black "Stepaniec, Lukasz"]
[Result "1/2-1/2"]
[WhiteElo "1629"]
[BlackElo "1856"]
[PlyCount "88"]
[EventDate "2014.??.??"]

1. d4 d5 2. c4 c6 3. e3 Nf6 4. Nc3 e6 5. a3 Bd6 6. c5 Bc7 7. Bd2 Nbd7 8. b4 O-O
9. Bd3 e5 10. Bf5 Re8 11. Nge2 Nf8 12. Bxc8 Qxc8 13. O-O e4 14. Ng3 Re6 15. a4
h5 16. h3 h4 17. Nh5 Nxh5 18. Qxh5 Rh6 19. Qd1 Rg6 20. Kh1 Ne6 21. f4 exf3 22.
Qxf3 Ng5 23. Qf5 Qxf5 24. Rxf5 a6 25. Raf1 f6 26. Ra1 Kf7 27. Rff1 Ke6 28. b5
Ba5 29. bxc6 bxc6 30. Nxd5 Kxd5 31. Bxa5 Ne4 32. Rf4 Rh6 33. Kh2 g5 34. Rff1
Rh7 35. Rab1 Rf7 36. Rb6 f5 37. Be1 a5 38. g3 hxg3+ 39. Bxg3 f4 40. exf4 gxf4
41. Rxf4 Rxf4 42. Bxf4 Kxd4 43. Rxc6 Kd5 44. Rb6 Nxc5 1/2-1/2

[Event "Memorial Romana Baka OPEN FIDE"]
[Site "Starochorzowski Dom Kultury, C"]
[Date "2014.09.28"]
[Round "3.14"]
[White "Tchorzewski, Kazimierz"]
[Black "Klementys, Jerzy"]
[Result "1/2-1/2"]
[WhiteElo "1828"]
[BlackElo "1675"]
[PlyCount "131"]
[EventDate "2014.??.??"]

1. e4 c5 2. Nf3 d6 3. d4 cxd4 4. Nxd4 Nf6 5. Nc3 a6 6. h3 e5 7. Nb3 Be6 8. Be3
Be7 9. g4 h6 10. Qf3 b5 11. Bd3 Nbd7 12. Qg2 b4 13. Ne2 Qc7 14. f4 a5 15. Nd2
Nc5 16. f5 Nxd3+ 17. cxd3 Bd7 18. Rc1 Qb7 19. h4 Bc6 20. g5 hxg5 21. hxg5 Rxh1+
22. Qxh1 Nd7 23. Nc4 Nc5 24. Bxc5 dxc5 25. f6 gxf6 26. gxf6 Bf8 27. Qh8 O-O-O
28. Qxf8 Rxf8 29. Nd6+ Kd7 30. Nxb7 Bxb7 31. Rxc5 Ke6 32. Rxa5 Kxf6 33. Rb5 Bc8
34. Rxb4 Rd8 35. Rc4 Ke7 36. Rc3 Be6 37. a3 f5 38. exf5 Bxf5 39. Kd2 e4 40. d4
Bg4 41. Re3 Bf3 42. Kc2 Kd6 43. Nc3 Re8 44. b4 Kc6 45. Kb3 Kb6 46. a4 Rd8 47.
d5 Ka6 48. Kc4 Rc8+ 49. Kd4 Rb8 50. Nb5 Bd1 51. Ra3 Bc2 52. Nc7+ Ka7 53. b5 Kb6
54. Ne6 Ra8 55. d6 Ra7 56. Nc5 Ra8 57. Ne6 Ra7 58. Nc7 Bxa4 59. Nd5+ Kxb5 60.
Ke5 Rh7 61. Nf6 Rh8 62. d7 Rd8 63. Kd6 Kb4 64. Re3 Bxd7 65. Rxe4+ Kc3 66. Nxd7
1/2-1/2

[Event "Memorial Romana Baka OPEN FIDE"]
[Site "Starochorzowski Dom Kultury, C"]
[Date "2014.09.28"]
[Round "3.15"]
[White "Blasiak, Miroslaw"]
[Black "Pasieka, Marcin"]
[Result "1/2-1/2"]
[WhiteElo "1818"]
[BlackElo "1626"]
[PlyCount "80"]
[EventDate "2014.??.??"]

1. e4 e5 2. Nf3 Nf6 3. Nxe5 d6 4. Nf3 Nxe4 5. d4 d5 6. Bd3 Nc6 7. O-O Be7 8.
Re1 Bg4 9. c4 Nf6 10. cxd5 Bxf3 11. Qxf3 Qxd5 12. Qh3 Qxd4 13. Nc3 Ng4 14. Nd1
Rd8 15. Be2 Nce5 16. Qb3 Qb4 17. Nc3 Qb6 18. Qxb6 axb6 19. h3 Nf6 20. Bf4 Nfd7
21. Rad1 c6 22. Bf1 f6 23. Bc1 Nc5 24. Rxd8+ Kxd8 25. Rd1+ Kc8 26. b4 Na6 27.
a3 Rd8 28. Rxd8+ Kxd8 29. f4 Nf7 30. Be3 b5 31. Bd3 g6 32. Kf2 Nd6 33. g4 f5
34. gxf5 Nxf5 35. Bb6+ Kd7 36. Kf3 Bf6 37. Nd1 Nc7 38. Bc5 Nd5 39. Bc2 Nd4+ 40.
Bxd4 Bxd4 1/2-1/2